|
|
|
|
| LEADER |
00000nab a2200000 a 4500 |
| 001 |
vtls009955303 |
| 003 |
SK-MaSNL |
| 005 |
20260303185750.0 |
| 008 |
140515c2009 xo wr|p|||||||000 b|slo |
| 015 |
|
|
|a SNBRB2009/09
|2 snkbucl
|
| 040 |
|
|
|a SNKBUCL
|b slo
|c SNKBUCL
|e AACR2
|
| 041 |
0 |
|
|a slo
|
| 044 |
|
|
|a xo
|c SK
|
| 080 |
|
|
|a 796.42.092
|x (437.6)
|2 2001
|
| 100 |
1 |
|
|a Juck, Alfonz
|4 aut
|9 934326
|
| 245 |
1 |
0 |
|a Atletický most
|c Alfonz Juck
|
| 300 |
|
|
|b Fotogr.
|
| 611 |
2 |
7 |
|a Atletický most
|d (2009 :
|c Dubnica nad Váhom, Slovensko)
|2 snkbucl
|9 1217394
|
| 650 |
0 |
7 |
|a atletika
|2 snkbucl
|9 3279
|
| 650 |
0 |
7 |
|a mítingy
|2 snkbucl
|9 883064
|
| 651 |
|
7 |
|a Dubnica nad Váhom (Slovensko)
|2 snkbucl
|9 58303
|
| 773 |
0 |
|
|t Týždeň
|g Roč. VI, č. 38 (2009), s. 50-51
|x 1336-5932
|
| 852 |
|
|
|a SNK
|b KIS3GCP
|
| 958 |
|
|
|a SK
|
| 999 |
|
|
|c 2132821
|d 2134751
|